Espacio-Identidad-Empresa: Arquitectura efímera y eventos corporativos = Space-identity-company: Ephemeral architecture and corporate events.

Shranjeno v:
Bibliografske podrobnosti
Glavni avtor: Colli, Stefano (autor)
Drugi avtorji: Perrone, Raffaella (autora), Hammond, Paul (traducción al inglés), Vinyets i Rejón, Joan (prólogo)
Format: Knjiga
Izdano: Barcelona, España: Gustavo Gili, 2003.
Teme:
Oznake: Označite
Brez oznak, prvi označite!

MARC

LEADER 00000nam a22000007a 4500
003 CL-VaPUC
005 20250321101928.0
008 250121t2003 ||||| |||| 00| 0 eng d
999 |c 446706  |d 446704 
020 |a 84-252-1845-4 
040 |c Pontificia Universidad Católica de Valparaíso 
082 |a 720.1 COL 2003 
100 |9 895664  |a Colli, Stefano  |e autor 
245 |a Espacio-Identidad-Empresa:  |b Arquitectura efímera y eventos corporativos = Space-identity-company: Ephemeral architecture and corporate events. 
260 |a Barcelona, España:  |b Gustavo Gili,  |c 2003. 
300 |a 144 páginas:  |b fotografías. 
500 |a c.1. Instituto Arcos.08-01-2025. 
583 |c 20250121  |k Gabriela Rodríguez Cuevas 
650 0 |9 265941  |a Espacio en arquitectura  |x Exposiciones 
650 0 |9 464486  |a Imagen corporativa  |x Diseño 
650 0 |9 541388  |a Campañas publicitarias  |x Instalaciones arquitectónicas  
700 |9 895665  |a Perrone, Raffaella  |e autora 
700 |9 895666  |a Hammond, Paul  |e traducción al inglés  
700 |9 895667  |a Vinyets i Rejón, Joan  |e prólogo 
942 |2 ddc  |c BK  |n 0 
952 |0 0  |1 0  |2 ddc  |4 0  |6 720_100000000000000_COL_2003  |7 0  |9 599643  |a BIBINC  |b BIBINC  |c GEN  |d 2025-01-21  |e Instituto Arcos  |i 5664418  |o 720.1 COL 2003  |p 5664418  |r 2025-01-21  |t 1  |w 2025-01-21  |y BK  |k IFP